Song of the Year Quiz Stats

 Plays Quiz not verified by Sporcle

Also try: Icons Unmasked II
Challenge
Share
Tweet
Embed
Score 0/66 Timer 04:00
0 Plays Today
Year Title % Correct
2011Rolling in the Deep
57.1%
2010TiK Tok
53.6%
1993I Will Always Love You
50%
2008Low
50%
1983Every Breath You Take
46.4%
2009Boom Boom Pow
46.4%
1981Bette Davis Eyes
42.9%
1982Physical
42.9%
1987Walk Like an Egyptian
42.9%
1994The Sign
42.9%
1996Macarena
42.9%
1968Hey Jude
39.3%
1985Careless Whisper
39.3%
1990Hold On
39.3%
1999Believe
39.3%
2000Breathe
39.3%
2003In da Club
39.3%
2004Yeah!
39.3%
1970Bridge over Troubled Water
35.7%
1979My Sharona
35.7%
1988Faith
35.7%
1991(Everything I Do) I Do It for You
35.7%
2002How You Remind Me
35.7%
2006Bad Day
35.7%
1980Call Me
32.1%
1984When Doves Cry
32.1%
1995Gangsta's Paradise
32.1%
2005We Belong Together
32.1%
1964I Want to Hold Your Hand
28.6%
1969Sugar, Sugar
28.6%
1971Joy to the World
28.6%
1986That's What Friends Are For
28.6%
1997Candle in the Wind 1997/Something About the Way You Look Tonight
28.6%
Year Title % Correct
1956Heartbreak Hotel
25%
2001Hanging by a Moment
25%
2007Irreplaceable
25%
1992End of the Road
21.4%
1965Wooly Bully
17.9%
1966Ballad of the Green Berets
17.9%
1967To Sir with Love
17.9%
1975Love Will Keep Us Together
17.9%
1957All Shook Up
14.3%
1959The Battle of New Orleans
14.3%
1976Silly Love Songs
14.3%
1958Volare/Nel Blu Dipinto di Blu
10.7%
1972The First Time Ever I Saw Your Face
10.7%
1974The Way We Were
10.7%
1978Shadow Dancing
10.7%
1989Look Away
10.7%
1998Too Close
10.7%
1946Prisoner of Love
7.1%
1947Near You
7.1%
1948Twelfth Street Rag
7.1%
1960Theme from 'A Summer Place'
7.1%
1962Stranger on the Shore
7.1%
1963Sugar Shack
7.1%
1973Tie a Yellow Ribbon 'Round the Ole Oak Tree
7.1%
1977Tonight's The Night/Gonna Be Alright
7.1%
1949Riders in the Sky
3.6%
1950Goodnight Irene
3.6%
1951Too Young
3.6%
1952Blue Tango
3.6%
1953Song from Moulin Rouge
3.6%
1954Little Things Mean a Lot
3.6%
1955Cherry Pink and Apple Blossom White
3.6%
1961Tossin' and Turnin'
3.6%

You're not logged in!

Compare scores with friends on all Sporcle quizzes.
Join for Free
OR
Log In

You Might Also Like...

Show Comments

Extras

Top Quizzes Today


Score Distribution

Your Account Isn't Verified!

In order to create a playlist on Sporcle, you need to verify the email address you used during registration. Go to your Sporcle Settings to finish the process.

Report this User

Report this user for behavior that violates our Community Guidelines.

Details: